| 000 | 00907nam a2200229 a 4500 | ||
|---|---|---|---|
| 001 | 39701 | ||
| 003 | BD-RjUL | ||
| 005 | 20211209053037.0 | ||
| 008 | 160416s2006 bg ||||| |||| 00| 0 ben d | ||
| 020 |
_a9848476180 _c: TK 160.00 |
||
| 035 | _a(BD-RjUL)39814 | ||
| 040 |
_aBD-RjUL _bben _cBD-RjUL |
||
| 041 | _aben | ||
| 082 |
_223 _a330.9 _bAHA 2006 |
||
| 100 |
_aআহমদ, কাজী খলীকুজ্জমান _9122290 |
||
| 245 | 1 | 0 |
_aঅবস্থা বদলের জন্য ব্যবস্থা বদলের সন্ধানে / _cকাজী খলীকুজ্জমান আহমদ |
| 260 |
_aঢাকা : _bবড়াল প্রকাশনী, _c২০০৬ |
||
| 300 |
_a১৪০ পৃ. ; _c২২ সেমি. |
||
| 650 |
_aঅর্থনৈতিক অবস্থা _9122291 |
||
| 650 |
_aEconomic situation _9122292 |
||
| 942 |
_2ddc _cBK |
||
| 999 |
_c39701 _d39701 |
||